Entre Nosotros REMIX - Tiago PZK, Lit Killah, María Becerra... - Estadísticas

Estadísticas generales
  • Esta prueba ha sido intentada 145 veces
  • La puntuación promedio es 262 de 509
Estadísticas de respuestas
Letra % Correcto
a
83%
do
83%
en
83%
hace
83%
la
83%
lo
83%
no
83%
No
83%
pa
83%
pasó
83%
que
83%
Que
83%
Qué
83%
qué
83%
Si
83%
si
83%
al
67%
amo
67%
amor
67%
cabeza
67%
con
67%
de
67%
De
67%
67%
Entre
67%
es
67%
me
67%
Mi
67%
mi
67%
67%
nosotro
67%
o
67%
ó
67%
puedo
67%
Quisiera
67%
Sal
67%
salgas
67%
se
67%
67%
te
67%
to
67%
tu
67%
67%
67%
vos
67%
Algo
50%
algo
50%
Baby
50%
baby
50%
cuando
50%
Cuando
50%
dímelo
50%
dormirme
50%
dos
50%
el
50%
El
50%
estresa
50%
fue
50%
importó
50%
Jamás
50%
mismo
50%
Nada
50%
nada
50%
oh
50%
otra
50%
pasa
50%
perdí
50%
Pero
50%
pero
50%
Por
50%
por
50%
quiero
50%
Quiero
50%
rompió
50%
soñarte
50%
Y
50%
y
50%
ya
50%
Ya
50%
acá
33%
acerca
33%
aprovecharme
33%
cara
33%
carajo
33%
chances
33%
chofer
33%
corazó
33%
decías
33%
dijo
33%
era
33%
eras
33%
eso
33%
Está
33%
estás
33%
Estás
33%
fe
33%
habitación
33%
hables
33%
hacer
33%
intenté
33%
Intenté
33%
Juro
33%
karma
33%
las
33%
lastimarme
33%
los
33%
mañana
33%
más
33%
mente
33%
mil
33%
morías
33%
or
33%
paredón
33%
pasar
33%
pensando
33%
perdedor
33%
preferías
33%
Siempre
33%
siempre
33%
Soy
33%
tanto
33%
tren
33%
tristeza
33%
veneno
33%
vez
33%
vi
33%
yo
33%
afrontarte
17%
aprendí
17%
ayer
17%
basta
17%
cada
17%
casa
17%
caso
17%
chocar
17%
contigo
17%
Dame
17%
darte
17%
Debí
17%
deja
17%
del
17%
después
17%
deuda
17%
día
17%
doler
17%
duele
17%
envenenó
17%
equivoco
17%
ese
17%
Espero
17%
extrañarte
17%
fallé
17%
favor
17%
fría
17%
hacerle
17%
hasta
17%
Hoy
17%
intentarlo
17%
levanto
17%
lloré
17%
Nena
17%
ni
17%
nombre
17%
nosotros
17%
nuestra
17%
Nunca
17%
odie
17%
ón
17%
paga
17%
Pensarte
17%
pierde
17%
recuerdo
17%
repitas
17%
resuelve
17%
sentido
17%
solté
17%
supiste
17%
tengo
17%
tiene
17%
una
17%
vacía
17%
veas
17%
veces
17%
ver
17%
volví
17%
vuelve
17%
aparecer
0%
bien
0%
cansada
0%
desgasta
0%
elijo
0%
estaba
0%
excusas
0%
fuiste
0%
Incontables
0%
llevarlo
0%
perdido
0%
Suelo
0%
también
0%
verme
0%
No se encontraron pruebas coincidentes
Distribución de puntuación
Porcentaje de gente con cada puntuación
Porcentaje por número respondido
Historial de tus puntuaciones
No has intentado esta prueba.